| 000 | 00621nam a22002177a 4500 | ||
|---|---|---|---|
| 003 | OSt | ||
| 005 | 20140310181915.0 | ||
| 008 | 130716t xxu||||| |||| 00| 0 eng d | ||
| 020 | _a1568224826 | ||
| 050 |
_aLB 3013 _b.F855 1997 |
||
| 082 |
_aTR 370.11 _bFr87 1997 |
||
| 100 | _4Sara Freeman. | ||
| 245 |
_aCharacter education Grades 5-6 : teaching values for life / _cSara Freeman. |
||
| 260 |
_aMichigan : _bInstructional Fair, _c1997. |
||
| 300 |
_a48 p. : _bill. ; _c28 cm. |
||
| 520 | _a1. Character education 2. Moral education | ||
| 521 | _a | ||
| 541 | _j1 | ||
| 562 | _e1 | ||
| 942 |
_2lcc _cBK-TR _kTR |
||
| 999 |
_c6730 _d6730 |
||